000 00743cam a22002291 4500
001 ne 64001884
003 DLC
005 20260227111802.0
008 830701s1963 ua bc 000 0 eng
010 _ane 64001884
035 _a(OCoLC)16762157
040 _aDLC
_cOrPS
_dDLC
042 _apremarc
050 0 0 _aZ6651
_b.C35
110 1 _aCairo (Egypt).
_bMa'had al-Takhtit al-Qawmi.
_bOperations Research Center.
245 1 0 _aSubject guide to books of the Operations Research Center, Branch-Library.
260 _aCairo,
_c1963.
300 _a385 p.
_c26 cm.
650 0 _aMathematics
_vBibliography
_vCatalogs.
650 0 _aOperations research
_vBibliography
_vCatalogs.
710 1 _aCairo (Egypt).
_bMaʻhad al-Takhṭīṭ al-Qawmī.
999 _c47263
_d47263